Загрузка...
Fertilizer use for intensive maize production
| Главный автор: | |
|---|---|
| Другие авторы: | |
| Формат: | Printed Book |
| Язык: | Undetermined English |
| Опубликовано: |
New Delhi
Indian Council of Agricultural research
1987
|
| Предметы: |
| LEADER | 00608nam a2200181Ia 4500 | ||
|---|---|---|---|
| 008 | 140306s9999 xx 000 0 und d | ||
| 041 | |a eng | ||
| 082 | |a 631.8 |b JAI/FE | ||
| 100 | |a Javan, G L | ||
| 700 | |a Mahapatra, I C | ||
| 245 | |a Fertilizer use for intensive maize production | ||
| 260 | |a New Delhi |b Indian Council of Agricultural research |c 1987 | ||
| 300 | |a 77 | ||
| 365 | |b Rs.15 | ||
| 650 | |a Biofertilizers | ||
| 942 | |2 ddc |c BK | ||
| 999 | |c 107256 |d 107256 | ||
| 952 | |0 0 |1 0 |2 ddc |4 0 |6 631_800000000000000_JAIFE |7 0 |9 104398 |a KAUHCV |b KAUHCV |d 2004-03-18 |g 15.00 |o 631.8 JAI/FE |p KAU_HCV-23774 |r 2014-03-22 |w 2014-03-22 |y BK | ||